Quizzes
Events
Quiz Creation
Community
Videos
Private Events
Remove Ads
Sign In
Join for FREE
Feedback
Dark Mode
Quiz Categories
Sports
Geography
Music
Movies
Television
Just For Fun
Miscellaneous
History
Literature
Language
Science
Gaming
Entertainment
Religion
Holiday
For Kids
Quiz Lab
Recent
Popular Today
Quiz Kudos Today
Editor Picks
Curator Picks
Quizzes by...
Day
Popularity
Type
Ratings
Length
Year
Community
Subscriptions
Recent Discussions
Orange Saloon
Badges
Playlists
Quests
Create
Leaderboards
Showdown
Live 5
Trivia Bingo
Activity
Puzzle Library
Sporcle Events
Private Events
Virtual Trivia
Globe League
Become a Host
Pub Owners
SporcleCon
Opinionation
Our Games
Videos
Blog
Mobile Apps
Partnerships
Remove Ads and Go Orange
Feedback
Geography
Country
Landmarks
City
State
Population
World
Capital
Continent
Flags
Europe
Africa
Asia
South America
North America
Oceania
Border
Canada
United Kingdom
Topography
United States
Geography
Country
Landmarks
City
State
Population
World
Capital
Continent
Flags
Europe
Africa
Asia
South America
North America
Oceania
Border
Canada
United Kingdom
Topography
United States
Random Quiz
Search Sporcle
×
Quiz Lab
Quiz Lab
Geography
Country
Type answers that appear on an image
Type answers that appear on an image
Map
Best Score? Go Orange.
Indonesian Islands on a Map Stats
Can you pinpoint the major islands (over 5000 sq km) that make up the country Indonesia?
By
WillSE1022
5m
16 Questions
477 Plays
477 Plays
477 Plays
Comments
Comments
Give Quiz Kudos
Give Quiz Kudos
-
- Ratings
hide this ad
Forced Order
Answers have to be entered in order
Answers have to be entered in order
Replay
Link that replays current quiz
Next Quiz
Link to next quiz in quiz playlist
You Got
0%
They Got
Avg Score
69%
Avg Friend Score
Upgrade to see
Score Distribution
Jump to the score distribution portion of the page
Score
0/16
Timer
05:00
0
Plays Today
% Correct
Java
94.8%
Sumatra
90.6%
Borneo
89.5%
Sulawesi
88.3%
Bali
84.9%
Timor
84.7%
New Guinea
82%
Flores
67.3%
% Correct
Sumba
63.7%
Sumbawa
58.9%
Nias
55.8%
Halamhera
55.1%
Bangka
54.7%
Seram
52.2%
Buru
45.9%
Yos Sudarso
43.8%
Quiz Playlist
Details
Report
Send in Message
Add To Playlist
Map:
Type answers that appear on an image
Forced Order:
Answers have to be entered in order
Quiz Source
Last Updated: May 14, 2017
Quiz Scoreboard
CHALLENGE
Sign Up to Join the Scoreboard
Show All
Scores
Hide
Comments
May contain spoilers
Recently Published
Presidents Visiting Landmarks
by Hejman
History
7m
An Introduction to Baseball
by treessimontrees
Sports
5m
Movies - When Are They Set?
by FPL_Elf
Movies
5m
More to Explore
Quiz From the Vault
Featured Blog Post
Where Did the Easter Bunny Come From?
hide this ad
You Might Also Like...
Tags
Asia Quiz
Country Quiz
Borneo
Indonesia
island
Largest Islands
map
Southeast Asia
tropical
Tropical Countries
Today's Top Quizzes in Geography
Browse Geography
hide this ad
Today's Top Quizzes in Country
Browse Country
Top Contributed Quizzes in Geography
1
Countries of the World - No Outlines Minefield
2
Top 25 Cities of France on a map
3
Any capital of a 'B' country per Continent
4
Closest Countries to UK A-Z
5
One Thing in Common: United Kingdom
6
Any capital of a 'C' country per Continent
7
Find the Provinces of Canada - No Outlines Minefield
8
Any capital of a 'D' country per Continent
9
Find the US States - No Outlines
10
Blind Secret Country CLXXXVIII
Explore More
Trending Topics
Kpop
Disney
NBA
Crossword
Harry Potter
Anime
Marvel
Puzzle
Song
NFL
The Office
WWE
Soccer
Country
Pokémon
hide this ad
More By:
WillSE1022
Quiz
Plays
Rating
Category
Featured
Created
Caribbean Island Countries on a Map
96,847
4.66
Geography
Nov 22, 2014
Anything but Albania
2,938
2.75
Geography
Mar 14, 2015
Anything but Netherlands
2,689
3.33
Geography
Aug 11, 2015
Anything but Brunei
2,560
3.73
Geography
Mar 29, 2015
Countries by Apricot Production
2,370
4.80
Geography
May 18, 2015
Go to Creator's Profile
Score Distribution
Quiz Creator Spotlight
WillSE1022
Follow
Send a Message
Quizzes Created
-
Created Quiz Play Count
-
More By This Creator
Popular Quizzes Today
1
Find the US States - No Outlines Minefield
2
Find the Countries of Europe - No Outlines Minefield
3
The Countries of the World
4
Find the US States
5
Popular People in 1961
6
US States
7
Risky Map Clicking: Biggest States A-Z
8
1-10 Letter E Words III
More Geography Quizzes
South Carolina Physical Geography
Quiz Lab
Trending Quizzes
Risky Map Clicking: Least Populous States A-Z
1-10 Letter G Words
1-10 Letter F Words
One Thing in Common: United Kingdom
Risky Map Clicking: Next State Alphabetically
Recently Updated
Leaping Animals
pecheneg
Reality TV Shows (A-Z)
bhenderson79
Rickey Henderson's Hall of Fame Teammates
pecheneg
Champions League XIs: Arsenal
pecheneg
Quick Pick: Celebrities in WWE's Hall of Fame
aduchscher
A-Z Keypad Blitz II
pecheneg
Multiple Oscar Actors
pecheneg
Mystery Phrase Blitz: Oscar 'Best Actors'
pecheneg
F. Scott Fitzgerald Novels
LTH
Pick 3 Villains
ddd62291
Trending Topics
Harry Potter
Kpop
Crossword
Marvel
NBA
Anime
Disney
Soccer
Song
Pokémon
The Office
WWE
Puzzle
Country
NFL
Your Account Isn't Verified!
In order to create a playlist on Sporcle, you need to verify the email address you used during registration. Go to your
Sporcle Settings
to finish the process.
Report this User
Report this user for behavior that violates our
Community Guidelines
.
Details:
Send Report
Go to the Sporcle.com Mobile Site →
Comments